| 000 | 01217cam a2200349 i 4500 | ||
|---|---|---|---|
| 001 | 18279350 | ||
| 003 | OSt | ||
| 005 | 20230507172312.0 | ||
| 008 | 140825s2009 pl l f000 0 eng | ||
| 010 | _a 2014423674 | ||
| 020 | _a9788360739013 | ||
| 040 |
_aDLC _beng _cDLC _erda |
||
| 042 | _apcc | ||
| 043 | _ae-pl--- | ||
| 050 | 0 | 0 |
_aKKP2064 _b2009a |
| 110 | 1 |
_aPoland, _eenacting jurisdiction. |
|
| 245 | 1 | 0 |
_aPolish constitutional law : _bthe constitution and selected statutory materials / _ceditors: Ewelina Gierach, Piotr Chybalski. |
| 264 | 1 |
_aWarszawa : _bBureau of Research, Sejm Publishing Office, _c2009. |
|
| 300 |
_a605 pages _c24 cm |
||
| 336 |
_atext _btxt _2rdacontent |
||
| 337 |
_aunmediated _bn _2rdamedia |
||
| 338 |
_avolume _bnc _2rdacarrier |
||
| 500 | _a"According to the law in force on 28th January 2009"--T.p. verso. | ||
| 650 | 0 |
_aConstitutional law _zPoland. |
|
| 650 | 0 |
_aConstitutions _zPoland. |
|
| 700 | 1 |
_aGierach, Ewelina, _eeditor. |
|
| 700 | 1 |
_aChybalski, Piotr, _eeditor. |
|
| 710 | 1 | 2 |
_aPoland. _tKonstytucja (1997) |
| 906 |
_a7 _bcbc _corigcop _d2 _encip _f20 _gy-gencatlg |
||
| 942 |
_2ddc _cBK |
||
| 999 |
_c8 _d8 |
||